Land vs. Land #117 - Statistiken

Allgemein
  • Dieses Quiz wurde 15 mal gespielt
  • Das Durchschnittsergebnis liegt bei 12 aus 14
Antwortstatistiken
Frage Antwort % Korrekt
...Fläche? Japan🇯🇵
100%
...Einwohner? Japan🇯🇵
100%
...Tourismus? Japan🇯🇵
100%
...durchschnittlicher IQ? Japan🇯🇵
100%
...Exportmengen? Japan🇯🇵
100%
...Gewinner? Japan🇯🇵
100%
...Bruttoinlandsprodukt? Japan🇯🇵
93%
...Militär? Japan🇯🇵
93%
...Gesundheitswesen? Japan🇯🇵
93%
...Bruttoinlandsprodukt pro Kopf? Japan🇯🇵
86%
...Lebenserwartung? Japan🇯🇵
86%
...HDI (Human Development Index)? Japan🇯🇵
79%
...Frieden? Japan🇯🇵
71%
...Happy Planet Index! Japan🇯🇵
43%
Keine übereinstimmenden Quizze gefunden
Verteilung der Resultate
Anzahl Personen mit jedem Resultat
Perzentil nach korrekt beantworteten Fragen
Ihre Resultats-Entwicklung
Sie haben dieses Quiz noch nicht gespielt